| 000 | 00664nam a2200229 a 4500 | ||
|---|---|---|---|
| 005 | 20210223125057.0 | ||
| 008 | 030821s2001 es r 000 0 spa d | ||
| 020 | _a8477388460 | ||
| 035 | _aUPN01000128092 | ||
| 049 | _aCG | ||
| 050 | 4 |
_aRC552 A4.4 _bB3.4 |
|
| 100 | 1 |
_aBados López, Arturo _933997 |
|
| 245 | 1 | 0 |
_aFobia social / _cArturo Bados López. |
| 260 |
_aMadrid : _bSíntesis, _c[2001]. |
||
| 300 | _a270 p. | ||
| 440 | 0 |
_aPsicología clínica ; _v2. _pGuías de intervención |
|
| 650 | 4 |
_aAGORAFOBIA _9197 |
|
| 650 | 4 | _aTRASTORNOS DE FOBIA | |
| 650 | 4 |
_aMIEDO - _xPSICOLOGIA |
|
| 650 | 4 |
_aAISLAMIENTO SOCIAL - _xPSICOLOGIA _91972 |
|
| 905 | _aLibro | ||
| 999 |
_c100271 _d100271 |
||